00947nam a22002177a 4500003000400000005001700004008004100021020001800062040001400080041000800094082001200102100003000114245004000144264004400184300006300228521032800291650002700619650002900646650001200675700004200687OSt20260317154103.0260317b ||||| |||| 00| 0 spa d a9786287659322 cCO-Mq BPB aspa aNbMUNm aMuncaster, Harrieteautor aMirabella y el Bosque de las Brujas aBarcelona;bPenguin Random House,c2022 a160 páginas;bTapa rustica, ilustraciones a colorc20 cm aSu mamá es una bruja, su papá es un hada, y Mirabella tiene un poquito de los dos. Mirabella y su familia van a disfrutar de unas vacaciones al estilo de las brujas. Ella quiere portarse bien, pero su nueva amiga brujita no para de meterlas en líos... ¿Y si esta vez Mirabella intentara de verdad ser la bruja buena? aMagia (brujas y hadas) aTravesuras y aprendizaje aAmistad aPérez Sauquillo, Vanesaetraductora